Normal view
MARC view
- Hess Patricia F
Entry Personal Name
001 - CONTROL NUMBER
- control field: 216687
003 - CONTROL NUMBER IDENTIFIER
- control field: OSt
005 - DATE AND TIME OF LATEST TRANSACTION
- control field: 20260209135003.0
008 - FIXED-LENGTH DATA ELEMENTS
- fixed length control field: 260209|| aca||aabn | a|a d
040 ## - CATALOGING SOURCE
- Original cataloging agency: OSt
- Transcribing agency: OSt
100 ## - HEADING--PERSONAL NAME
- Personal name: Hess Patricia F
670 ## - SOURCE DATA FOUND
- Source citation: Work cat.: (OSt)370382: McLachlan Joan E. 216686, Internships for Today's World: A Practical Guide for High Schools and Community Colleges, 2014